000
00317nam a22001457a 4500
008
210603b ||||| |||| 00| 0 eng d
020
_a
9780077346232
041
_a
eng
080
_2
6th
_a
94
082
_a
94
100
_a
16
101
_a
SHH
245
_a
The Human Tradition
_c
Gloria K. Fiero
942
_2
udc
_c
BK
999
_c
57939
_d
57939